| 000 | 00638nam a2200205Ia 4500 | ||
|---|---|---|---|
| 005 | 20210908114639.0 | ||
| 008 | 131103s9999 xx 000 0 und d | ||
| 020 | _a0-911012-72-9 | ||
| 040 | _aLoreto College | ||
| 041 | _aEnglish | ||
| 082 |
_a320 _bMAC |
||
| 245 | 4 |
_aThe Libertarian alternative _b essays in the social and political philosophy _c[edited by] Tibor R. Machan |
|
| 260 |
_aChicago _bNelson Hall Co. _cc1974 |
||
| 300 | _axv,553 p. | ||
| 504 | _aIncludes bibliographical references | ||
| 650 | _aPolitics - Political Ideology - Libertarianism - | ||
| 651 | _aPolitical Science - | ||
| 850 | _aLCLIB | ||
| 942 | _cBK | ||
| 999 |
_c368 _d50847 |
||